| 000 | 00548nam a22001811cc4500 | ||
|---|---|---|---|
| 001 | a987690841+Tom1 | ||
| 035 | _aa987690841 | ||
| 008 | 181114s2017 gw a||| 000u rus d | ||
| 020 |
_a9785990947566 _9978-5-9909475-6-6 |
||
| 245 | 0 | 0 |
_aNezrimyj front Otečestva _nTom 1 |
| 264 |
_aSankt-Peterburg : _bLiki Rossii , _c2017 |
||
| 300 | _a609 Seiten : Illustrationen | ||
| 246 | 1 | 2 |
_aNezrimyj front Otečestva : 1917-2017 ; [jubilejnyj sbornik] _nTom 1 |
| 773 | 0 | 8 |
_wa987690841 _qTom1 |
| 942 | _cMG | ||
| 040 | _cRU-10907106 | ||
| 003 | RU-10907106 | ||
| 999 |
_c51780 _d51780 |
||